| 000 | 01822 a2200253 4500 | ||
|---|---|---|---|
| 001 | 22205 | ||
| 005 | 20260407155511.0 | ||
| 008 | 260407a1994 arg spa d | ||
| 003 | AR-UNSa-BCEJYS | ||
| 040 |
_aAR-UNSa-BCEJYS _bspa _cAR-UNSa-BCEJYS |
||
| 080 |
_a658.16 _xReorganización financiera (Proyectos de inversión) |
||
| 245 | 1 | 0 | _aPreparación y evaluación de proyectos |
| 020 | _a978-968-422-045-4 | ||
| 250 | _a2a. ed | ||
| 264 | 1 |
_aMéxico : _bMcGraw-Hill _c1994 |
|
| 300 |
_a404 p. _c23 cm. |
||
| 505 | _a1. El estudio de los proyectos de inversión - 2. Planes de desarrollo , programas y proyectos - 3. El proceso de preparación y evaluación de proyectos - Parte II:Mercado: 4. Estructura económica del mercado - 5. El estudio de mercado - 6. Técnicas de proyección del mercado - Parte III: El estudio técnico: 7.Ingeniería del proyecto - 8. Valorización económica de las variables técnicas - 9. Decisiones de tamaño - 10. Decisiones de tamaño - Parte IV: La organización: 11. Incidencia de los costos en aspectos organizacionales - 12. Incidencia en los costos de los sistemas y procedimientos administrativos - 13. Estudios legales - Parte V: El estudio financiero: 14. Las inversiones del proyecto - 15. Flujo de caja proyectado - 16. Financiamiento y taza de descuento - Parte VI: La evaluación : 17. Técnicas de evaluación - 18. Análisis de riesgo - 19. Análisis de sensibilidad - Parte VII: Estudios Complementarios: 20. Flujos relevantes - 21. Evaluación de proyecto en marcha. | ||
| 942 | _cBK | ||
| 590 | _aniveau_biblio:m niveau_hierar:0 | ||
| 100 | 1 | _aSapag Chain, Nassir | |
| 700 | 1 | _aSapag Chain, Reinaldo | |
| 700 | 1 | _aDaza, Libardo | |
| 856 | 4 | 1 |
_uhttps://biblioeco.unsa.edu.ar/pmb/images/libros/Preparacion y Evaluacion de Proyectos.jpg _yImagen de portada _qimage/jpeg |
| 999 |
_c926 _d926 |
||